Statistiken für Tennis Weltrangliste der Frauen 2024

Klicken Sie hier um das Quiz zu spielen!

Allgemein

  • Dieses Quiz wurde 244 mal gespielt
    (28 seit der letzten Aktualisierung)
  • Das Durchschnittsergebnis liegt bei 16 aus 32

Antwortstatistiken

RankingLandSpieler% Korrekt
2.BelarusAryna Sabalenka
100%
1.PolenIga Świątek
94%
6.TunesienOns Jabeur
94%
3.Vereinigtes StaatenCoco Gauff
88%
8.GriechenlandMaria Sakkari
88%
4.KasachstanElena Rybakina
82%
19.SchweizBelinda Bencic
76%
12.LettlandJeļena Ostapenko
71%
11.BrasilienBeatriz Haddad Maia
65%
5.Vereinigte StaatenJessica Pegula
65%
7.Tschische RepublikMarketa Vondrousova
65%
20.FrankreichCaroline Garcia
53%
14.ChinaQinwen Zheng
53%
25.UkraineElina Svitolina
47%
9.Tschechische RepublikKarolina Muchova
47%
17.Tschechische RepublikPetra Kvitova
47%
23.BelarusVictoria Azarenka
47%
30.BelgienElise Mertens
41%
29.ItalienJasmine Paolini
41%
10.Tschechische RepublikBarbora Krejčíková
35%
24.KroatienDonna Vekic
35%
28.RusslandAnastasia Potapova
29%
18.RusslandDaria Kasatkina
29%
13.Vereinigte StaatenMadison Keys
29%
22.PolenMagda Linette
29%
26.RomaniaSorana Cirstea
29%
16RusslandVeronika Kudermetova
29%
21.RusslandEkaterina Alexandrova
24%
27.UkraineAnhelina Kalinina
18%
15.RusslandLiudmila Samsonova
18%
32.UkraineLesia Tsurenko
12%
31.Vereinigte StaatenEmma Navarro
6%

Verteilung der Resultate

Perzentil nach korrekt beantworteten Fragen

Anzahl Personen mit jedem Resultat

Ihre Resultats-Entwicklung

Sie haben dieses Quiz seit der letzten Aktualisierung nicht gespielt